000 00189 a2200097 4500
001 20133
100 _aBro
245 _aMarco Economics
260 _a
_bG A U Ltd
_c
090 _c14727
_d14727
942 _aNUST-CAE
_cM
_c5255
999 _c255206
_d255206